000 01883nam a22002177a 4500
999 _c59881
_d59881
003 Ge_BSU
005 20230504155629.0
008 230504s2017 ge ||||| |||| 00| 0 geo d
020 _a9789941253829
041 _ageo
080 _a94(479.22)(093)"19"+ 821.353.1-94 ს-56
100 _aსიხარულიძე, გიორგი
_917960
245 _aგემ "სირიუსზე" მოგზაურობიდან :
_bმოგონებანი (1908 წელი) /
_cგამოსაცემად მოამზადა, კვლევითი წინასიტყვაობა და კომენტარები დაურთო დიმიტრი შველიძემ ; რედაქტორი თენგიზ სიმაშვილი ; ივანე ჯავახიშვილის სახ. თბილისის სახელმწ. უნ-ტი, ჰუმანიტარულ მეცნიერებათა ფაკ-ტი, საქართველოს ისტორიის ინ-ტი.
264 _aთბილისი :
_bმერიდიანი,
_c2017.
300 _a86 გვ. ;
_b20 სმ.
500 _aშენიშვნები და კომენტარები: გვ. 81-84.
653 _aსაქართველოს ისტორიის წყაროები.
700 _aშველიძე, დიმიტრი
_eწინასიტყვაობის ავტორი
_917961
700 _aივანე ჯავახიშვილის სახ. თბილისის სახელმწ. უნ-ტი.
_eჰუმანიტარულ მეცნიერებათა ფაკ-ტი. საქართველოს ისტორიის ინ-ტი.
_917962
942 _2udc
_cBK